Handbook of Heterogeneous Catalysis. Vol.4 /

Guardado en:
Detalles Bibliográficos
Autores principales: Ertl, G (Autor), Knozinger, H (Autor), Weitkamp, J (Autor)
Formato: Libro
Lenguaje:inglés
Publicado: Weinheim : VCH, 1997
Etiquetas: Agregar Etiqueta
Sin Etiquetas, Sea el primero en etiquetar este registro!

MARC

LEADER 00000nam a22000003a 4500
001 stu20146
005 20150617225753.9
008 971014s1997----gw------------------eng-d
020 |a 3-527-29212-8 
040 |a STU  |b slo 
041 0 |a eng 
044 |a gw 
080 |a 66.097.13 
100 1 |a Ertl, G  |4 aut 
245 1 |a Handbook of Heterogeneous Catalysis. Vol.4 /  |c [aut.]Ertl,G., Knozinger,H., Weitkamp,J 
260 |a Weinheim :  |b VCH,  |c 1997 
300 |a 1560-2122 s :  |b Obr.,tab.,grafy,lit 
700 1 |a Knozinger, H  |4 aut 
700 1 |a Weitkamp, J  |4 aut 
996 |b C95033  |c C*95033  |l CCVII  |s P  |a 0  |w stu20146_0001 
996 |b C95068  |c C*95068  |l CCIX  |s P  |a 0  |w stu20146_0002